| 000 | 00891nam a22002177a 4500 | ||
|---|---|---|---|
| 005 | 20210325180808.0 | ||
| 008 | s2543 th tha d | ||
| 020 | _a9748231372 | ||
| 041 | _atha | ||
| 050 | _aHF1429 อ668จ 2543 | ||
| 100 | 0 | _aอาวุธ โพธิ์เล็ก | |
| 245 | 1 | 0 | _aเจาะลึกข้อตกลงในการส่งมอบสินค้าระหว่างประเทศ (Incoterms 2000) [3rd] |
| 260 | 3 |
_aกรุงเทพฯ : _bไอโอนิค อินเตอร์เทรด รีซอสเซส, _c2543 |
|
| 300 |
_a264 หน้า ; _b 21 ซม. |
||
| 650 | 0 | 4 | _aการค้าระหว่างประเทศ |
| 650 | 0 | 4 | _aข้อตกลงทางการค้า |
| 850 | _aNALT | ||
| 942 | _cGB | ||
| 997 | _c000000000010214 | ||
| 998 | _aSAIPHON DEENGAM | ||
| 999 |
_c10214 _d10214 |
||